Sports Quiz

Random Sports or NBA Quiz

NBA 2000+ Playoff Points Quiz Stats

Quiz Updated Aug 8, 2016

Challenge
Share
Tweet
Embed
Score 0/55 Timer 08:00
4 Plays Today
Points Player % Correct
5,987Michael Jordan
99.4%
5,640Kobe Bryant
98.2%
5,250Shaquille O'Neal
96.5%
6,163*LeBron James
96.5%
5,172Tim Duncan
95.4%
3,180*Paul Pierce
92.5%
5,762Kareem Abdul-Jabbar
92.1%
4,761Karl Malone
91.5%
3,897Larry Bird
91.5%
2,601*Kevin Garnett
91%
2,077Moses Malone
90.9%
3,048*Kevin Durant
90.4%
3,871*Dwyane Wade
90.2%
3,701Magic Johnson
90%
4,012*Tony Parker
89.3%
3,116Dennis Johnson
88.9%
2,026Kevin Johnson
88.8%
3,663*Dirk Nowitzki
87.7%
2,749Ray Allen
86.4%
2,199*Russell Westbrook
84.3%
4,457Jerry West
84.1%
3,607Wilt Chamberlain
82.1%
2,111Allen Iverson
82.1%
2,972Reggie Miller
80.4%
3,642Scottie Pippen
79.3%
2,221David Robinson
77.4%
2,072Steve Nash
76.7%
2,436John Stockton
76.6%
Points Player % Correct
2,673Bill Russell
76.4%
3,755Hakeem Olajuwon
75.7%
3,009*Manu Ginobili
74.8%
2,043Jason Kidd
70.2%
2,261Isiah Thomas
70.2%
3,182Kevin McHale
69.4%
2,813Patrick Ewing
69.3%
2,068*Pau Gasol
68.6%
2,833Charles Barkley
68.2%
2,963Clyde Drexler
67.5%
3,088Julius Erving
66.4%
3,022James Worthy
63.6%
3,776John Havlicek
59.5%
2,820Robert Parish
57.9%
2,526Chauncey Billups
57.1%
2,384Rasheed Wallace
55.5%
2,018Bob Cousy
53.4%
2,155Gary Payton
53.2%
2,571Richard Hamilton
53%
3,623Elgin Baylor
51.1%
2,909Sam Jones
44.6%
2,146Derek Fisher
41.3%
2,240Bob Pettit
38.8%
2,194Elvin Hayes
29.3%
2,092Jeff Hornacek
23.4%
2,451Byron Scott
19%
2,058Tom Heinsohn
17.2%

You're not logged in!

Compare scores with friends on all Sporcle quizzes.
Sign Up with Email
OR
Log In

You Might Also Like...

Show Comments

Extras

Top Quizzes Today


Score Distribution

Your Account Isn't Verified!

In order to create a playlist on Sporcle, you need to verify the email address you used during registration. Go to your Sporcle Settings to finish the process.

Report this User

Report this user for behavior that violates our Community Guidelines.

Details: